| 000 | 00712nam a2200241 4500 | ||
|---|---|---|---|
| 003 | OSt | ||
| 005 | 20240610013020.0 | ||
| 006 | a | ||
| 008 | 240610b |||||||| |||| 00| 0 eng d | ||
| 020 | _a9781259060496 | ||
| 040 |
_aDWCL-Main lib. _cOC |
||
| 082 |
_2eighth edition _aCirc. 547 G327 2014 |
||
| 100 | _aDenniston Katherine J. | ||
| 245 | _aGeneral, organic, and biochemistry / | ||
| 250 | _aeighth edition | ||
| 260 |
_aNew York : _bMcGraw-Hill, _cc2014. |
||
| 300 |
_axxii, _b819 p. + : col. ill. ; _c28 cm. |
||
| 504 | _aIncludes glossary. | ||
| 650 | _a1. Biocchemistry. | ||
| 650 | _a 2. Organic chemistry | ||
| 700 | _aKatherine J. Denniston | ||
| 942 |
_2ddc _n0 _cBK-CIRC _eeighth edition _kCirc. |
||
| 999 |
_c419 _d419 |
||